000 00640nam a22002177a 4500
003 UA-OsUOA
001 119814
007 ta
008 20161118b un ||||| |||| 00| 0 ukr d
100 _aГріневська С.М.
090 _a3309477)
_bГ85
942 _cSA
040 _aUA-OsUOA
_bukr
_cUA-OsUOA
_dUA-OsUOA
245 _aФормування механізму саморозвитку регіону в умовах децентралізації управління
300 _aС.56-70
955 _a0
041 _aukr
080 _a3309477)
773 0 _w119809
650 7 _a330 Економіка взагалі
_2UDC
999 _c406098
_d406098